000 00888nam a2200265 i 4500
001 bg
100 1 _aLUCAS, Martyn C.
245 1 0 _aMigration of freshwater fishes /
_cMartyn C. Lucas, Etienne Baras ; with contr. from Timothy J. Thom, Annie Duncan and Ondrej Slavik.
260 _aOxford :
_bBlackwell Science,
_c2001.
300 _aXVII, 420 s. :
_bil. ;
_c25 cm.
500 _aBibliogr., indeks.
650 9 _aRyby słodkowodne
_xekologia
700 1 _aBARAS, Etienne
700 1 _aTHOM, Timothy J.
700 1 _aDUNCAN, Annie
700 1 _aSLAVIK, Ondrej
020 _a0632057548
040 _cBPK
041 0 _aeng
080 _a597.2/.5-15(28)
920 _a0-632-05754-8
942 _cKS
008 s pl f |000 0 pol
999 _c42752
_d42752
856 _uhttp://koha.tu.koszalin.pl/cgi-bin/koha/opac-detail.pl?biblionumber=42752
_yKatalog online BPK